Statistics for European Countries With Dinosaur Fossil Sites

Click here to take the quiz!

General Stats

  • This quiz has been taken 92 times
  • The average score is 13 of 16

Answer Stats

Country% Correct
Spain
96%
France
95%
United Kingdom
95%
Germany
93%
Portugal
92%
Italy
84%
Austria
82%
Switzerland
80%
Belgium
77%
Netherlands
73%
Hungary
72%
Ukraine
70%
Romania
69%
Denmark
68%
Bulgaria
64%
Czech Republic
61%

Score Distribution

Percentile by Number Answered

Percent of People with Each Score

Your Score History

You have not taken this quiz